[Event "Mexico City op"]
[Site "Mexico City"]
[Date "1991.??.??"]
[Round "8"]
[White "Sisniega, Marcel"]
[Black "Vera Gonzalez Quevedo, Reynaldo"]
[Result "1-0"]
[WhiteElo "2540"]
[BlackElo "2470"]
[PlyCount "61"]
[EventDate "1991.07.??"]
[EventType "swiss"]
[EventRounds "11"]
[EventCountry "MEX"]
[SourceTitle "TD"]
[Source "ChessBase"]
[SourceDate "1994.03.01"]
[SourceVersion "1"]
[SourceVersionDate "1994.03.01"]
[SourceQuality "1"]

1. e4 c5 2. Nf3 d6 3. d4 cxd4 4. Nxd4 Nf6 5. Nc3 a6 6. Be3 e6 7. f3 Nc6 8. g4 Be7 9. Qd2 0-0 10. 0-0-0 Nd7 11. h4 Nde5 12. Qg2 Qc7 13. g5 b5 14. f4 Nxd4 15. Bxd4 Nc6 16. Be3 Bb7 17. Kb1 Rac8 18. Qf2 Rfe8 19. Bb6 Qb8 20. h5 b4 21. Ne2 Ne5 22. Ng3 Nc4 23. Ba7 Qa8 24. Bd3 Rc7 25. Bd4 e5 26. fxe5 dxe5 27. g6 fxg6 28. hxg6 hxg6 29. Bc5 Rxc5 30. Qxc5 Na3+ 31. bxa3 1-0

[Event "Latin Cup Final"]
[Site "Bogota"]
[Date "1991.??.??"]
[Round "7"]
[White "Sunye Neto, Jaime"]
[Black "Sisniega, Marcel"]
[Result "1/2-1/2"]
[WhiteElo "2475"]
[BlackElo "2530"]
[PlyCount "110"]
[EventDate "1991.??.??"]
[EventType "tourn"]
[EventRounds "9"]
[EventCountry "COL"]
[EventCategory "9"]
[SourceTitle "EXT 1997"]
[Source "ChessBase"]
[SourceDate "1996.11.15"]
[SourceVersion "1"]
[SourceVersionDate "1996.11.15"]
[SourceQuality "1"]

1. d4 Nf6 2. c4 e6 3. Nc3 Bb4 4. Nf3 d5 5. g3 dxc4 6. Bg2 Bd7 7. Ne5 Bc6 8. Nxc6 Nxc6 9. 0-0 Qd7 10. Qa4 Nd5 11. Nxd5 exd5 12. e4 Be7 13. exd5 Nb4 14. Qxd7+ Kxd7 15. Bd2 Nd3 16. b3 Bf6 17. Bc3 b5 18. bxc4 bxc4 19. Rfd1 Rab8 20. Be4 Rhe8 21. Bxd3 cxd3 22. Rxd3 Re2 23. Bd2 Rb2 24. Be3 Rxa2 25. Rxa2 Rxa2 26. Bf4 Bd8 27. Rc3 g5 28. Be3 a5 29. Rc6 a4 30. Ra6 Be7 31. d6 Bxd6 32. Bxg5 Ke6 33. Bf4 Kd5 34. Bxd6 cxd6 35. Kg2 a3 36. Kf3 Kc4 37. Rxd6 Rd2 38. Ra6 Rd3+ 39. Ke4 Rxd4+ 40. Ke5 Rd3 41. f4 Re3+ 42. Kf5 Kb3 43. g4 Rh3 44. Ra7 a2 45. Kf6 Rxh2 46. Kxf7 Rh1 47. f5 Rg1 48. Kg7 h5 49. Rb7+ Kc4 50. Ra7 a1Q+ 51. Rxa1 Rxa1 52. gxh5 Kd5 53. h6 Ra7+ 54. Kg6 Ke5 55. h7 Rxh7 1/2-1/2

[Event "Olympiad-29"]
[Site "Novi Sad"]
[Date "1990.12.03"]
[Round "14"]
[White "Velimirovic, Dragoljub"]
[Black "Sisniega, Marcel"]
[Result "0-1"]
[WhiteElo "2535"]
[BlackElo "2495"]
[PlyCount "40"]
[EventDate "1990.11.17"]
[EventType "team-swiss"]
[EventRounds "14"]
[EventCountry "YUG"]
[SourceTitle "EXT 2019"]
[Source "ChessBase"]
[SourceDate "2018.10.10"]
[SourceVersion "1"]
[SourceVersionDate "2018.10.10"]
[SourceQuality "1"]
[WhiteTeam "Yugoslavia II"]
[BlackTeam "Mexico"]
[WhiteTeamCountry "YUG"]
[BlackTeamCountry "MEX"]

1. e4 e5 2. Nf3 Nf6 3. Nxe5 d6 4. Nf3 Nxe4 5. d3 Nf6 6. d4 Be7 7. h3 c6 8. c4 Na6 9. Nc3 0-0 10. Be3 d5 11. c5 b6 12. Qa4 Nb8 13. Bd3 bxc5 14. dxc5 Nfd7 15. Qc2 Nxc5 16. Bxh7+ Kh8 17. 0-0-0 Nba6 18. a3 g6 19. Bxg6 fxg6 20. Qxg6 Nb3+ 0-1

[Event "Olympiad-29"]
[Site "Novi Sad"]
[Date "1990.12.01"]
[Round "13"]
[White "Sisniega, Marcel"]
[Black "Zapata, Alonso"]
[Result "0-1"]
[WhiteElo "2495"]
[BlackElo "2545"]
[PlyCount "62"]
[EventDate "1990.11.17"]
[EventType "team-swiss"]
[EventRounds "14"]
[EventCountry "YUG"]
[SourceTitle "EXT 2019"]
[Source "ChessBase"]
[SourceDate "2018.10.10"]
[SourceVersion "1"]
[SourceVersionDate "2018.10.10"]
[SourceQuality "1"]
[WhiteTeam "Mexico"]
[BlackTeam "Colombia"]
[WhiteTeamCountry "MEX"]
[BlackTeamCountry "COL"]

1. d4 Nf6 2. Nf3 d6 3. Nc3 g6 4. e4 Bg7 5. Be2 0-0 6. 0-0 Bg4 7. Be3 Nc6 8. Qd2 Bxf3 9. Bxf3 e5 10. dxe5 Nxe5 11. Be2 Re8 12. Rad1 a6 13. Bg5 Qc8 14. f4 Ned7 15. e5 dxe5 16. f5 b5 17. fxg6 hxg6 18. Rf2 Re6 19. Qe3 Qb7 20. Bf3 c6 21. Rfd2 Qc7 22. Ne4 Nd5 23. Qb3 Rae8 24. c4 bxc4 25. Qxc4 Qb6+ 26. Kh1 f5 27. Nc3 e4 28. Be2 Bxc3 29. Rxd5 cxd5 30. Qxd5 Qxb2 31. Bc4 Nb6 0-1